000 01193nam a22003377a 4500
001 BR8101960
003 BR-BrBNA
005 20230928090936.0
007 ta
008 230509b bl.||||| |||| 00| 0 por d
040 _aBR-BrBNA
_bpor
_cBiblioteca Nacional de Agricultura
041 _a(Por)
072 _aF00; F22
_b0336
_b3840
_b/G514
_b/GZ74
090 _ 0336 BR8101960
100 1 _aMelo, B. de
110 1 _aEscola Superior de Agricultura de Lavras, MG (Brasil)
_0Tese (Mestrado)
245 1 _aTolerancia da soja (Glycine max (L.)Merrill)a saturacao de aluminio em condicoes de casa de vegetacao, para o solo sob cerrado [Minas Gerais; Brasil]
246 1 _a[Tolerance of soybean (Glycine max (L.)Merrill)to aluminium saturation in greenhouse conditions, for soil under "cerrado" vegetation [Minas Gerais; Brazil]]
260 3 _aLavras, MG (Brasil):
_c1980.
300 _a67 p.
500 _a14 tables; Summaries (Eng, Por); 43 ref.
650 _aProducao vegetal
650 _aFisica do solo
650 _aSoja
650 _aAluminio
650 _aSaturacao
650 _aCerrado
650 _aMinas Gerais
909 _a202309
_bLucia
_c55
_dLucia Elande
942 _cBK
999 _c31377
_d31377